Piłkarska kariera Davida Villi. - Statystyki

Ogólne statystyki
  • Ten quiz został rozwiązany 91 razy
  • Średni wynik to 4 z 8
Statystyki odpowiedzi
Lata Drużyna % Poprawnych
2010-2013 Barcelona
100%
2005-2010 Valencia
74%
2013-2014 Atletico Madryt
65%
2014-2019 New York City
54%
2019-2020 Vissel Kobe
46%
2014-2014 Melbourne City
15%
2003-2004 Real Zaragoza
14%
2001-2003 Sporting Gijon
12%
Nie znaleziono quizów pasujących do podanych kryteriów
Rozkład punktacji
Procent ludzi z każdym wynikiem
Percentyl według liczby udzielonych odpowiedzi
Twoja historia wyników
Nie rozwiązałeś tego quizu